[Event "1st Gujarat GM Open 2018"]
[Site "Ahmedabad"]
[Date "2018.10.08"]
[Round "5"]
[White "Gandhi, Anish"]
[Black "Pranav Vijay"]
[Result "0-1"]
[WhiteElo "2042"]
[BlackElo "2265"]
[Annotator "TA"]
[PlyCount "123"]
[EventDate "2018.10.05"]
[EventType "swiss"]
[EventCountry "IND"]
[SourceTitle "playchess.com"]
[Source "ChessBase"]
[SourceQuality "1"]

{[%evp 19,123,46,66,36,60,57,62,47,60,66,75,19,58,11,73,-167,56,0,77,-150,88,0,65,-6,27,-52,0,-125,31,-54,0,-23,86,103,83,46,132,94,131,116,167,-166,-165,-174,-160,-245,-241,-231,-227,-222,-226,-234,-219,-255,-176,-191,-142,-141,-79,-68,-66,-71,-90,-150,-168,-161,-167,-228,-223,-221,-94,-368,-160,-141,-148,-225,-39,-107,-107,-88,-95,-91,-92,-133,-134,-255,-243,-396,-388,-572,-562,-544,-510,-6032,-6090,-5622,-5313,-4597,-2843,-4516,-2237,-2124,-1945,-1421,-760,-29984]} 1. d4 Nf6 2. c4 d6 3. Nf3 g6 4. g3 Bg7 5. Bg2 O-O 6. O-O Nbd7 7. Nc3 e5 8. e4 c6 9. h3 Qc7 10. Be3 a6 {LiveBook: 4 Games} 11. dxe5 {E69: King's Indian: Fianchetto: 6...Nbd7 7 0-0 e5 8 e4 c6 9 h3} dxe5 12. c5 Re8 13. Nd2 {White is slightly better.} Rd8 $146 ({Predecessor:} 13... Nf8 14. Nc4 Rd8 15. Qa4 Be6 16. Qa5 Qe7 17. Nxe5 Nxe4 18. Nxc6 bxc6 19. Nxe4 Bxb2 {½-½ (30) Roktim,B (2405)-To,Q (2299) Jodhpur 2003}) 14. Qc2 Nf8 15. f4 (15. Na4 $16) 15... Ne6 16. Ne2 Nd7 (16... Nh5 $11 17. fxe5 Bxe5) 17. Nc3 $2 (17. Rad1 $16 {stays on course.}) 17... Nf6 $2 ({Don't play} 17... Nexc5 18. f5 $15) (17... exf4 $19 18. gxf4 Nd4 19. Bxd4 Bxd4+ 20. Kh1 Nxc5) 18. Ne2 Nd7 19. Nc3 $2 (19. Rad1 $16) 19... Nf6 $2 ({Don't take} 19... Nexc5 20. Rad1 $15) (19... exf4 $17 {and life is bright.} 20. gxf4 Nd4 21. Bxd4 Bxd4+ 22. Kh1 Nxc5) 20. Ne2 Nd7 21. Nf3 (21. Rad1 $14) 21... Bh6 $11 {[%cal Re5f4]} 22. Nh4 (22. Qc1 $11) 22... Ndf8 (22... exf4 $15 23. Nxf4 Nxf4 24. Bxf4 Bxf4 25. gxf4 Nf6) 23. Nf3 (23. Rae1 $11 {keeps the balance.}) 23... Nd7 $2 (23... exf4 $17 24. Bd2 Nd7) 24. Nh4 (24. Qc1 $14) 24... Ndf8 ({Black should try} 24... Nf6 $15) 25. Qc3 Bg7 (25... exf4 $11 {remains equal.} 26. gxf4 Qe7) 26. f5 $16 Nd4 27. Rf2 Bd7 (27... Qe7 $14) 28. Raf1 Be8 29. g4 Rd7 (29... b6 $16) 30. f6 $4 {[%mdl 8192] [#]} (30. g5 $18 {and all is fine.}) 30... Bxf6 $1 $19 {[%mdl 512]} 31. g5 (31. Rxf6 Nxe2+) 31... Bg7 32. Ng3 (32. Nf3 $17) 32... Nfe6 33. Bf3 Nxf3+ 34. Nxf3 Nf4 {aiming for ...Rd3.} 35. Kh2 Rd3 36. Qc1 Ne6 37. Rc2 Rad8 38. Nh1 Nf4 (38... Nd4 $142 39. Rcf2 Ne6) 39. Nf2 $17 R3d7 $36 {[%mdl 2048] Black fights for an advantage.} 40. Bxf4 exf4 41. Ng4 (41. Re1 $142) 41... Rd3 42. e5 Bd7 {White must now prevent ...Bxg4.} 43. Nf6+ (43. Re2 $142) 43... Bxf6 $1 $19 44. gxf6 Bf5 (44... Re3 $1 $19 45. Rc3 Re2+ 46. Kh1 Bxh3) 45. Rc4 $2 {[%mdl 8192] [#]} (45. Re2 $17 Qa5 46. Qxf4 Qxc5 47. Rg1) 45... Rxf3 (45... g5 $1 $19 {[%mdl 512] and Black stays clearly on top.} 46. h4 (46. Nxg5 Rd2+) 46... Rxf3 $1 {[%mdl 512]} 47. Rxf3 Qxe5) 46. Rxf3 $17 Qxe5 {...Qe2+ is the strong threat.} 47. Rcxf4 {[#]} (47. Qxf4 $17 Qxb2+ 48. Rf2 Qxf6 49. Qe3) 47... Qxf6 $2 (47... g5 $1 $19 {[%cal Rg5f4]} 48. Rg3 h6) 48. Qc3 (48. Re4 $15) 48... Qxc3 49. bxc3 {[%mdl 4096] Endgame KRR-KRB} Rd2+ 50. Rf2 {[#]} Rd5 $1 51. Rc4 Be6 52. Rb4 (52. h4 $17 {keeps fighting.}) 52... Rxc5 $19 53. Rxb7 $2 (53. Rf3) 53... Rxc3 54. Rb6 (54. Kg2 $142 Bxh3+ 55. Kg1) 54... Rxh3+ {Black is clearly winning.} 55. Kg2 Ra3 56. Rd2 (56. Kf1 $142 Bd5 57. Rb4) 56... Rxa2 57. Rxa2 Bxa2 58. Rxa6 {KR-KB} Bc4 59. Ra7 Kg7 (59... g5 $142 60. Rd7 Bd5+ 61. Kg3 h5) 60. Kg3 g5 61. Kg4 Kg6 62. Rd7 {Precision: White = 19%, Black = 36%.} 0-1

[Event "1st Gujarat GM Open 2018"]
[Site "Ahmedabad"]
[Date "2018.10.08"]
[Round "5"]
[White "Shiva Pavan Teja Sharma U"]
[Black "Mehdi Hasan Parag"]
[Result "0-1"]
[WhiteElo "2005"]
[BlackElo "2209"]
[Annotator "TA"]
[PlyCount "122"]
[EventDate "2018.10.05"]
[EventType "swiss"]
[EventCountry "IND"]
[SourceTitle "playchess.com"]
[Source "ChessBase"]
[SourceQuality "1"]

{[%evp 15,122,0,13,-6,-8,-18,-14,-187,-197,-184,-187,-199,-216,-260,-257,-263,-225,-278,-275,-277,-259,-272,-254,-252,-220,-215,-206,-245,-212,-210,-218,-216,-177,-184,-174,-174,-181,-182,-185,-193,0,-149,0,-195,0,-161,0,-179,-185,-177,-173,-179,-195,-196,-198,-210,-194,-212,0,-197,0,-292,-287,-355,-335,-355,-335,-351,-339,-315,-305,-289,-292,-305,-305,-305,-305,-305,-262,-278,-207,-188,-146,-142,-111,-138,-126,-126,-89,-94,-56,-63,0,-20,-20,-25,-18,-67,-23,-212,-144,-550,-531,-505,-505,-505,-505,-476,-439]} 1. e4 c6 2. d4 d5 3. Nd2 dxe4 4. Nxe4 Bf5 5. Ng3 Bg6 6. Nf3 e6 7. Ne5 Nd7 8. Nxg6 hxg6 {LiveBook: 22 Partien} 9. Be3 {B18: Caro-Kann (Hauptvariante)} (9. Ne4 Ngf6 10. Nxf6+ gxf6 11. c3 Qc7 12. g3 O-O-O 13. Bg2 f5 14. O-O Bh6 15. b4 Nf6 16. b5 Bxc1 17. Qxc1 cxb5 {0-1 (62) Panarin,M (2558)-Popov,I (2648) St Petersburg 2015}) 9... Ngf6 10. Be2 Bd6 11. Qd2 $2 {[#]} (11. Qd3 $1 $11 {und Weiss steht sicher.}) 11... Bxg3 $1 $19 12. fxg3 Ne4 13. Qd3 {[#]} Nxg3 $1 {[%mdl 512]} 14. O-O-O $146 (14. hxg3 Rxh1+) ({Vorgänger:} 14. Rg1 Nxe2 15. Qxe2 Rxh2 16. O-O-O Qa5 {0-1 (45) Matoussi,A-Toubal,H (1949) Sousse 2007}) 14... Nxh1 15. Rxh1 Nf6 16. Qb3 Qb6 17. Qa3 Nd5 18. Bf2 Qb4 19. Qf3 Qa4 20. a3 b5 21. c3 Qa6 22. Bg3 Qb7 23. Be5 Qe7 24. Bxg7 Rh7 25. Be5 {[#]} Qg5+ $1 26. Kb1 Qf5+ 27. Kc1 Qg5+ 28. Kb1 Qf5+ 29. Kc1 $1 Qg5+ 30. Kb1 Qf5+ $2 (30... f6 $19 31. Bg3 Kf7) 31. Ka2 $2 (31. Kc1 $1 $11) 31... Qxf3 32. Bxf3 Kd7 33. h3 f6 34. Bh2 a5 {[%cal Ba7a5,Ba5a4][%mdl 32]} 35. Rc1 Nb6 36. Rh1 Nd5 37. Rc1 $1 Nb6 $2 (37... g5 $19 38. Re1 Rhh8) 38. b3 $2 {[%mdl 8192]} (38. Rh1 $1 $11 {und Weiss muss sich keine Sorgen machen.}) 38... a4 39. b4 g5 40. Re1 Re8 41. Bg3 Nc4 42. Be2 Nd6 43. Bd3 Rg7 44. Rf1 Rf8 45. Kb2 f5 46. Be5 Rgf7 47. Kc2 Nc8 48. c4 bxc4 49. Bxc4 Nb6 50. Bd3 Nd5 {Und ...Se3+ würde nun gewinnen.} 51. Kd2 Rg8 52. Rc1 g4 {Droht stark ...gxh3.} 53. h4 g3 (53... Rh7 $15 54. g3 Ra8) 54. b5 cxb5 55. Bxb5+ Ke7 56. Rc6 Rd8 {zielt auf ...Th7 ab.} 57. Ra6 $2 (57. Be2 $11) 57... f4 {[%cal Bf5f4,Bf4f3][%mdl 32] Weiss muss nun ...f3 beachten.} 58. Rxa4 $2 {[%mdl 8192]} (58. Be2 $17 {war die entscheidende Verteidigung.}) 58... f3 {Schwarz steht klar auf Gewinn.} 59. Ra7+ Kf8 60. Rxf7+ Kxf7 61. gxf3 Rg8 {Precision: Weiß = 45%, Schwarz = 50%.} 0-1

[Event "1st Gujarat GM Open 2018"]
[Site "Ahmedabad"]
[Date "2018.10.08"]
[Round "5"]
[White "Manish Anto Cristiano F"]
[Black "Kunal, M.."]
[Result "*"]
[WhiteElo "1961"]
[BlackElo "2270"]
[Annotator "ChessBase"]
[PlyCount "60"]
[EventDate "2018.10.05"]
[EventType "swiss"]
[EventCountry "IND"]
[SourceTitle "playchess.com"]
[Source "ChessBase"]
[SourceQuality "1"]
[TimeControl "5400+30"]

1. e4 {[%emt 0:00:00]} c6 {[%emt 0:00:00]} 2. d4 {[%emt 0:00:05]} d5 {[%emt 0:00:00]} 3. Nc3 {[%emt 0:00:31]} dxe4 {[%emt 0:00:00]} 4. Nxe4 {[%emt 0:00:26]} Bf5 {[%emt 0:00:00]} 5. Ng3 {[%emt 0:00:32]} Bg6 {[%emt 0:00:00]} 6. h4 {[%emt 0:00:32]} h6 {[%emt 0:00:04]} 7. Nf3 {[%emt 0:01:29]} Nd7 {[%emt 0:00:06]} 8. h5 {[%emt 0:01:28]} Bh7 {[%emt 0:00:05]} 9. Bd3 {[%emt 0:01:30]} Bxd3 {[%emt 0:00:06]} 10. Qxd3 {[%emt 0:01:47]} e6 {[%emt 0:00:05]} 11. Bd2 {[%emt 0:01:13]} a5 {[%emt 0:00:06]} 12. O-O-O {[%emt 0:03:55]} Bb4 {[%emt 0:00:46]} 13. Ne4 {[%emt 0:04:10]} Ngf6 {[%emt 0:01:38]} 14. Bf4 {[%emt 0:02:16]} Nxe4 {[%emt 0:00:57]} 15. Qxe4 {[%emt 0:00:47]} Nf6 {[%emt 0:01:24]} 16. Qe5 {[%emt 0:03:55]} a4 {[%emt 0:06:01]} 17. a3 {[%emt 0:00:55]} Be7 {[%emt 0:00:08]} 18. g4 {[%emt 0:04:41]} Qd5 {[%emt 0:21:35]} 19. Qxd5 {[%emt 0:02:28]} cxd5 {[%emt 0:01:25]} 20. Ne5 {[%emt 0:01:21]} Ne4 {[%emt 0:00:08]} 21. Rhf1 {[%emt 0:00:31]} Rc8 {[%emt 0:01:37]} 22. f3 {[%emt 0:00:40]} Nd6 {[%emt 0:00:11]} 23. Kb1 {[%emt 0:00:26]} Nc4 {[%emt 0:00:45]} 24. Nxc4 {[%emt 0:05:25]} Rxc4 {[%emt 0:00:05]} 25. c3 {[%emt 0:01:53]} Kd7 {[%emt 0:00:10]} 26. Rde1 {[%emt 0:00:30]} Rcc8 {[%emt 0:01:00]} 27. Re2 {[%emt 0:00:51]} Rcg8 {[%emt 0:00:08]} 28. Rh1 {[%emt 0:02:12]} Bd6 {[%emt 0:02:09]} 29. Bxd6 {[%emt 0:04:09]} Kxd6 {[%emt 0:00:06]} 30. Kc2 {[%emt 0:06:29]} Kd7 {[%emt 0:00:54]} *

[Event "1st Gujarat GM Open 2018"]
[Site "Ahmedabad"]
[Date "2018.10.08"]
[Round "5"]
[White "Manish Anto Cristiano F"]
[Black "Kunal, M.."]
[Result "1/2-1/2"]
[WhiteElo "1961"]
[BlackElo "2270"]
[Annotator "TA"]
[PlyCount "60"]
[EventDate "2018.10.05"]
[EventType "swiss"]
[EventCountry "IND"]
[SourceTitle "playchess.com"]
[Source "ChessBase"]
[SourceQuality "1"]

{[%evp 20,60,22,0,5,13,44,44,30,19,7,16,16,-20,0,0,0,0,0,14,27,27,43,12,27,19,17,12,12,12,12,12,12,11,4,0,12,12,12,12,12,12,19]} 1. e4 c6 2. d4 d5 3. Nc3 dxe4 4. Nxe4 Bf5 5. Ng3 Bg6 6. h4 h6 7. Nf3 Nd7 8. h5 Bh7 9. Bd3 Bxd3 10. Qxd3 e6 11. Bd2 a5 {B19: Classical Caro-Kann: 4...Bf5 main line} 12. O-O-O Bb4 13. Ne4 Ngf6 {[#] White is slightly better.} 14. Bf4 $146 ({Predecessor:} 14. c3 Nxe4 15. Qxe4 Nf6 16. Qe2 Be7 17. g4 Qd5 18. c4 Qe4 19. Qxe4 Nxe4 {½-½ (32) Hou,Y (2651)-Rapport,R (2692) Sharjah 2017}) 14... Nxe4 15. Qxe4 Nf6 16. Qe5 a4 17. a3 Be7 18. g4 Qd5 19. Qxd5 $1 cxd5 20. Ne5 Ne4 21. Rhf1 Rc8 22. f3 Nd6 {The position is equal.} 23. Kb1 (23. c3 {keeps more tension.} b5 24. Rde1 Nc4 25. Nd3 O-O 26. Kc2) 23... Nc4 24. Nxc4 Rxc4 25. c3 Kd7 26. Rde1 Rcc8 27. Re2 Rcg8 28. Rh1 Bd6 29. Bxd6 Kxd6 30. Kc2 Re8 {Precision: White = 80%, Black = 52%.} 1/2-1/2

[Event "1st Gujarat GM Open 2018"]
[Site "Ahmedabad"]
[Date "2018.10.08"]
[Round "5"]
[White "Polakhare Aryan"]
[Black "Ritviz, Parab"]
[Result "0-1"]
[WhiteElo "1920"]
[BlackElo "2252"]
[Annotator "TA"]
[PlyCount "102"]
[EventDate "2018.10.05"]
[EventType "swiss"]
[EventCountry "IND"]
[SourceTitle "playchess.com"]
[Source "ChessBase"]
[SourceQuality "1"]

{[%evp 17,102,-15,-3,-10,-14,-39,-44,-37,-31,-40,-9,-86,0,-34,0,-18,128,-41,0,-11,-12,-14,-17,-18,-14,-16,0,0,0,-25,-23,-59,0,-57,-49,-58,-53,-68,-67,-67,-57,-67,-57,-52,-45,-45,-41,-78,-25,-78,-10,-10,-11,-19,-39,-47,-42,-110,-56,-109,-119,-175,-127,-135,-125,-206,-192,-187,-188,-187,-195,-356,-364,-416,-342,-29947,-29949,-11887,-6479,-6323,-6282,-29962,-29953,-6270,-6215,-5265,-2331]} 1. e4 e5 2. Nf3 Nc6 3. Bb5 a6 4. Ba4 Nf6 5. O-O d6 6. d4 Bd7 7. Re1 b5 8. Bb3 Nxd4 9. Nxd4 exd4 {LiveBook: 6 Partien} 10. c3 {C79: Spanische Partie (Russische Variante)} dxc3 $1 11. Nxc3 Be7 $1 12. Bf4 {Schwarz steht etwas besser.} O-O 13. Rc1 Re8 $146 ({Vorgänger:} 13... Bc6 14. Nd5 Nxd5 15. Bxd5 Bxd5 16. exd5 Qd7 17. Qc2 Rfc8 {1-0 (40) Whitehead,P (2370)-Biyiasas,P (2460) San Francisco 1985}) 14. Nb1 (14. Nd5 $11 Rc8 15. Nxe7+ Qxe7 16. e5 dxe5 17. Rxe5) 14... Rf8 (14... c5 $17) 15. Nc3 $15 Re8 16. Nd5 Rf8 (16... Nxd5 $11 17. Bxd5 Rc8) 17. Nc3 $2 (17. Nxe7+ $16 Qxe7 18. Rxc7) 17... Re8 18. Nd5 Nxd5 19. Bxd5 Rc8 20. Qb3 Rf8 21. Bc6 Re8 22. Bd5 Rf8 {Weiss muss nun ...c6 beachten.} 23. Bc6 Bf6 24. Qa3 Rb8 (24... Re8 $15) 25. Be3 (25. b4 $11) 25... b4 26. Qb3 Be6 27. Bd5 Bxd5 28. exd5 Re8 29. Rc6 a5 30. Rec1 Rb7 31. h3 h6 32. R1c2 Re5 ({Besser ist} 32... Bg5 $17 33. Bxg5 Qxg5) 33. Qc4 (33. Qd3 $11 {bleibt in der Remisbreite.}) 33... a4 (33... Bg5 $17 34. Qa6 Qb8 35. Bxg5 Rxg5) 34. Qa6 $11 Qb8 {Und ...b3 würde nun gewinnen.} 35. Qxa4 Rxd5 36. Ra6 {Und weiter mit Ta8 wäre nett.} Qd8 37. Bd2 (37. Ra8 $15 Rb8 38. Rxb8 Rd1+ 39. Kh2 Qxb8 40. Re2) 37... Rdb5 (37... Rd4 $17 38. Qc6 Qb8) 38. Rac6 (38. Ra8 $15 Rb8 39. Rxb8 Rxb8 40. Qc6) 38... Bd4 $17 39. Bf4 (39. Qb3 $17 {ist wohl besser.}) 39... Bc5 40. Qb3 Qd7 $36 {[%mdl 2048] Schwarz ist am Drücker.} 41. Qf3 (41. Ra6 $17) 41... Ra7 $19 {[%cal Bb7a7,Ba7a2,Ba2b2][%mdl 32]} 42. b3 {[#]} Rba5 $1 43. Be3 {[%cal Re3c5]} Rxa2 44. Rxa2 $2 (44. Rc4) 44... Rxa2 45. Bxc5 dxc5 {[%mdl 4096] Endspiel KDT-KDT} 46. g3 $2 (46. Qe4 $19) 46... Qxh3 47. Qd1 Qf5 48. Qe1 Rb2 49. Qe3 Rb1+ 50. Kg2 Qd5+ 51. Qf3 {[#]} Rg1+ $1 {[%mdl 512] Precision: Weiß = 30%, Schwarz = 50%.} 0-1

[Event "1st Gujarat GM Open 2018"]
[Site "Ahmedabad"]
[Date "2018.10.08"]
[Round "5"]
[White "Sudarshan Bhat"]
[Black "Jeet, Jain"]
[Result "0-1"]
[WhiteElo "1840"]
[BlackElo "2185"]
[Annotator "NA"]
[PlyCount "128"]
[EventDate "2018.10.05"]
[EventType "swiss"]
[EventCountry "IND"]
[SourceTitle "playchess.com"]
[Source "ChessBase"]
[SourceQuality "1"]
[TimeControl "5400+30"]

1. e4 {[%emt 0:00:00]} e5 {[%emt 0:02:30]} 2. Nf3 {[%emt 0:00:00]} Nc6 {[%emt 0:00:25]} 3. Bb5 {[%emt 0:00:10]} a6 {[%emt 0:00:11]} 4. Ba4 {[%emt 0:00:09]} Nf6 {[%emt 0:00:06]} 5. Qe2 {[%emt 0:00:33]} b5 {[%emt 0:03:31]} 6. Bb3 {[%emt 0:00:06]} Bc5 {[%emt 0:00:08]} 7. c3 {[%emt 0:00:25]} d6 {[%emt 0:00:07]} 8. O-O {[%emt 0:00:16]} O-O {[%emt 0:01:00]} 9. d3 {[%emt 0:00:46]} h6 {[%emt 0:00:13]} 10. Be3 {[%emt 0:00:41]} Bxe3 {[%emt 0:01:37]} 11. fxe3 {[%emt 0:00:06]} d5 {[%emt 0:00:15]} 12. exd5 {[%emt 0:01:42]} Nxd5 {[%emt 0:00:24]} 13. Nbd2 {[%emt 0:00:20]} Be6 {[%emt 0:01:57]} 14. d4 {[%emt 0:07:04]} exd4 {[%emt 0:02:07]} 15. exd4 {[%emt 0:01:45]} Re8 {[%emt 0:01:07]} 16. Rae1 {[%emt 0:02:55]} Nf4 {[%emt 0:18:40]} 17. Qe4 {[%emt 0:14:08]} Bxb3 {[%emt 0:09:09]} 18. Qxf4 {[%emt 0:04:57]} Bd5 19. Re2 Rxe2 {[%emt 0:01:23]} 20. Re1 {[%emt 0:01:03]} Bb3 21. Rf1 Re1 {[%emt 0:01:00]} 22. Rxe1 {[%emt 0:01:00]} Bd5 {[%emt 0:00:09]} 23. Rf1 Bb3 {[%emt 0:00:30]} 24. Re1 {[%emt 0:01:00]} Bd5 {[%emt 0:00:30]} 25. b3 {[%emt 0:19:09]} Rb8 {[%emt 0:05:57]} 26. Ne4 {[%emt 0:02:01]} a5 {[%emt 0:01:00]} 27. Ne5 {[%emt 0:05:09]} a4 {[%emt 0:02:28]} 28. c4 {[%emt 0:16:05]} bxc4 {[%emt 0:06:52]} 29. bxc4 {[%emt 0:03:50]} Nxe5 {[%emt 0:06:05]} 30. dxe5 {[%emt 0:00:29]} Be6 {[%emt 0:03:35]} 31. Nc5 {[%emt 0:10:05]} Qe7 {[%emt 0:00:40]} 32. Nxe6 {[%emt 0:01:50]} Qxe6 {[%emt 0:00:05]} 33. Qd4 {[%emt 0:02:24]} Re8 {[%emt 0:01:53]} 34. Qd5 {[%emt 0:01:43]} Kh7 {[%emt 0:07:19]} 35. h3 {[%emt 0:02:21]} f6 {[%emt 0:01:10]} 36. Qc5 {[%emt 0:03:01]} fxe5 {[%emt 0:07:46]} 37. Qxc7 {[%emt 0:00:32]} e4 {[%emt 0:00:02]} 38. Re3 {[%emt 0:00:23]} Qf6 {[%emt 0:01:01]} 39. a3 {[%emt 0:00:44]} Qd4 {[%emt 0:00:17]} 40. Qf4 {[%emt 0:00:20]} Qxc4 {[%emt 0:00:16]} 41. Kh1 {[%emt 0:00:29]} Qd4 {[%emt 0:01:00]} 42. Kh2 {[%emt 0:00:32]} Kg8 {[%emt 0:00:20]} 43. Kh1 {[%emt 0:00:17]} Kh7 {[%emt 0:00:40]} 44. Kh2 {[%emt 0:00:05]} Qe5 {[%emt 0:00:51]} 45. Kg3 {[%emt 0:01:00]} Qd5 {[%emt 0:05:32]} 46. Kh2 {[%emt 0:00:28]} Re7 {[%emt 0:00:08]} 47. Kh1 {[%emt 0:00:38]} Qe5 {[%emt 0:03:53]} 48. Qf2 {[%emt 0:00:40]} Rc7 {[%emt 0:00:19]} 49. Qe1 {[%emt 0:00:32]} Rc4 {[%emt 0:00:17]} 50. Qb1 {[%emt 0:00:22]} Kh8 {[%emt 0:00:23]} 51. Qe1 {[%emt 0:00:30]} Qc7 {[%emt 0:01:59]} 52. Qg3 {[%emt 0:00:10]} Qxg3 {[%emt 0:01:17]} 53. Rxg3 {[%emt 0:00:02]} Kg8 {[%emt 0:00:17]} 54. Kg1 {[%emt 0:00:52]} Kf7 {[%emt 0:00:01]} 55. h4 {[%emt 0:00:42]} g6 {[%emt 0:00:30]} 56. Kf2 {[%emt 0:00:04]} Kf6 {[%emt 0:00:16]} 57. Re3 {[%emt 0:01:03]} Kf5 {[%emt 0:00:17]} 58. Rh3 {[%emt 0:00:47]} Rc2+ {[%emt 0:00:17]} 59. Kf1 {[%emt 0:00:15]} Kf4 {[%emt 0:00:31]} 60. Kg1 {[%emt 0:00:41]} e3 {[%emt 0:03:11]} 61. Rf3+ {[%emt 0:00:14]} Ke4 {[%emt 0:00:01]} 62. Kf1 {[%emt 0:00:18]} Kd3 {[%emt 0:00:04]} 63. g4 {[%emt 0:00:23]} Kd2 {[%emt 0:00:09]} 64. g5 {[%emt 0:00:53]} e2+ {[%emt 0:00:05]} 0-1

[Event "1st Gujarat GM Open 2018"]
[Site "Ahmedabad"]
[Date "2018.10.08"]
[Round "5"]
[White "Nanditha V"]
[Black "Dahale, Atul"]
[Result "0-1"]
[WhiteElo "1551"]
[BlackElo "2171"]
[Annotator "TA"]
[PlyCount "68"]
[EventDate "2018.10.05"]
[EventType "swiss"]
[EventCountry "IND"]
[SourceTitle "playchess.com"]
[Source "ChessBase"]
[SourceQuality "1"]

{[%evp 19,68,20,57,39,29,25,56,54,62,54,57,35,54,42,31,-16,63,0,28,2,32,-10,-1,-11,0,-247,-247,-247,-254,-273,-267,-243,-212,-1043,-1043,-1627,-1558,-2523,-2450,-29991,-29992,-29992,-29992,-29994,-29994,-29994,-29995,-29995,-29996,-29997,-29998]} 1. e4 d6 2. d4 Nf6 3. Nc3 g6 4. Be3 Bg7 5. Qd2 c6 6. Nf3 b5 7. Bd3 O-O 8. O-O Nbd7 9. h3 e5 10. dxe5 dxe5 11. Rfd1 {B07: Pirc Defence: Miscellaneous Systems} (11. a4 b4 12. Ne2 a5 13. Ng3 Qe7 14. c3 Nc5 15. Bxc5 Qxc5 16. cxb4 axb4 17. Rac1 Qd6 18. b3 Rd8 {1-0 (29) Dominguez Perez,L (2739)-So,W (2788) Saint Louis 2017}) 11... Bb7 12. a4 $146 ({Predecessor:} 12. Ne2 Qe7 13. Ng3 Rfd8 14. Qc3 a5 15. a3 Ne8 16. Be2 Nc7 17. Bg5 f6 18. Be3 Ne6 {0-1 (40) Altmann,C (2042)-Komljenovic,L (2213) Bayern 2012}) 12... b4 13. Ne2 {White is slightly better.} c5 14. Ng3 Qc7 15. b3 Rad8 16. Bg5 Rfe8 17. Be3 Rf8 ({Black should try} 17... Nf8 $11) 18. Bg5 Rfe8 $1 19. Qe3 a6 20. Nh4 Nf8 $1 21. Bh6 Ne6 22. Ne2 $2 {[#]} (22. Nf3 $11) 22... Bxh6 $19 23. Qxh6 Nxe4 ({Resist} 23... Bxe4 24. Bxe4 Nxe4 25. Qe3) 24. f3 Nd6 25. Ng3 Qe7 26. Nh5 $2 (26. Rd2) 26... Qxh4 27. g4 e4 28. fxe4 gxh5 29. e5 Qg3+ {Black mates.} 30. Kf1 Ne4 {[%csl Ge4][%cal Rg3f2]} 31. Rd2 Nxd2+ 32. Ke2 {[#]} Rxd3 $1 33. cxd3 Nd4+ 34. Kxd2 Qf2+ {Precision: White = 28%, Black = 68%.} 0-1